00878nam a2200193 a 450000100100000000500170001000800410002704000250006808200170009310000420011024500820015225000120023426000390024630000300028550002220031504900090053795201210054699900170066700002425120200930022840.0110125s1970 mx a r 000 0 spa d aDO-SdBNPbspacBNPHU axxxxxbS211m1 aSánchez Meza, José María94979110aMatemáticas actualizadas :bsegundo curso /cJosé María Sánchez Meza. a10a ed. aMéxico, D. F. :bHerrero,c1970. a412 p. :bil. ;c19.5 cm. aEn la portada: Aprobado por la comisión revisora de libros de texto y de consulta de la Secretaría de Educación Pública como texto para el segundo año, contiene el nuevo programa de las escuelas secundarias. aBNGR 001054708MOaGRbGRcCTd2011-01-25iLF1l0oxxxxx S211mp24251-10r2020-06-25w2020-06-25y4ZPréstamo en sala c23745d23745